Hóa học đại cương và vô cơ : Tóm tắt lý thuyết 10 - 11 - 12
Nội dung cuốn sách khái quát về việc tóm tắt lý thuyết của chương trình lớp 10 - 11 - 12, bên cạnh đó bổ sung và mở rộng nhiều vấn đề được đề cập đến trong những đề thi của những năm gần đây....
Spremljeno u:
| Glavni autor: | |
|---|---|
| Format: | Knjiga |
| Jezik: | Undetermined |
| Izdano: |
Thành phố Hồ Chí Minh
Nxb. Đại học sư phạm Thành phố Hồ Chí Minh
2011
|
| Teme: | |
| Oznake: |
Dodaj oznaku
Bez oznaka, Budi prvi tko označuje ovaj zapis!
|
| Thư viện lưu trữ: | Trung tâm Học liệu Trường Đại học Cần Thơ |
|---|
| LEADER | 01080nam a2200229Ia 4500 | ||
|---|---|---|---|
| 001 | CTU_170161 | ||
| 008 | 210402s9999 xx 000 0 und d | ||
| 020 | |c 48000 | ||
| 082 | |a 540.712 | ||
| 082 | |b T513 | ||
| 100 | |a Tống, Thanh Tùng | ||
| 245 | 0 | |a Hóa học đại cương và vô cơ : | |
| 245 | 0 | |b Tóm tắt lý thuyết 10 - 11 - 12 | |
| 245 | 0 | |c Tống Thanh Tùng | |
| 260 | |a Thành phố Hồ Chí Minh | ||
| 260 | |b Nxb. Đại học sư phạm Thành phố Hồ Chí Minh | ||
| 260 | |c 2011 | ||
| 520 | |a Nội dung cuốn sách khái quát về việc tóm tắt lý thuyết của chương trình lớp 10 - 11 - 12, bên cạnh đó bổ sung và mở rộng nhiều vấn đề được đề cập đến trong những đề thi của những năm gần đây. | ||
| 650 | |a Chemistry,Hóa học | ||
| 650 | |x Study and teaching (Secondary),Dạy và học (Trung học) | ||
| 904 | |i Trọng Hải | ||
| 980 | |a Trung tâm Học liệu Trường Đại học Cần Thơ | ||